000 01403nam0a2200313 4500
001 RU\NLR\BIBL_A\011623072
005 20180319124002.0
010 _a978-5-09-059039-6
_9274774
021 _aRU
_bКН-П-18-000514
_9КН-П-18-0034
035 _a(NLR Aleph) 011623072
035 _a(RuMoRGB)009514806
090 _a10994448
_c10994448
100 _a20180206d2018 e y0rusy50 ca
101 0 _arus
102 _aRU
105 _a c||j|||000zy
200 1 _aФормирование функциональной грамотности. Сборник задач по русскому языку
_e8-11 [классы]
_eучебное пособие для общеобразовательных организаций
_f[С.В. Богомазова и др.]
210 _aМосква
_cПросвещение
_d2018
215 _a190 с.
_cил., цв. ил., портр.
_d22
517 1 _aСборник задач по русскому языку
606 1 _aРусский язык
_jУчебные издания для средней школы
_91533567
_3RU\NLR\AUTH\66969347
686 _aШ141.2-922.1(2)
_2rubbk
686 3 _aШ141.12-922.1[8/11]
702 1 _aБогомазова
_bС. В.
_gСветлана Викторовна
_4220
942 _cBOOK
980 _aNBR
980 _aNB